| 000 | 00000nas 2200000za 4500 |
| 001 | 9.503694 |
| 003 | CaOODSP |
| 005 | 20210125140346 |
| 007 | cr ||||||||||| |
| 008 | 150406d19981999oncar p o f0 b0fre|d |
| 022 | |a1497-3235 |
| 040 | |aCaOODSP|bfre |
| 043 | |an-cn--- |
| 086 | 1 |aCC172-11F-PDF |
| 110 | 2 |aCommission canadienne de sûreté nucléaire. |
| 245 | 10|aRapport annuel ... des agents de la CCEA sur les centrales nucléaires au Canada |h[ressource électronique]. |
| 246 | 3 |aRapport annuel ... des agents de la Commission de contrôle de l'énergie atomique sur les centrales nucléaires au Canada |
| 260 | |aOttawa : |bCommission canadienne de sûreté nucléaire, |c1999-2000. |
| 310 | |aAnnuel |
| 362 | 0 |a1998-1999. |
| 775 | 08|tAECB staff annual report for ... on the Canadian nuclear power industry |w(CaOODSP)9.507305 |
| 785 | 00|tRapport annuel ... du personnel de la CCSN sur les centrales nucléaires au Canada |w(CaOODSP)9.504019 |